=LDR 00000nam 2200000 4500 =001 INLIS000000000004272 =005 20250703023133 =035 ##$$a 0010-0725000083 =007 ta =008 250703################f##########0#ind## =082 ##$$a 613.943 076 =084 ##$$a 613.943 076 BAD t =245 1#$$a Tinjauan Hasil-Hasil Penelitian Mengenai Vasectomi Bagi Pengembangannya di Indonesia /$c BADAN KOORDINASI KELUARGA BERENCANA NASIONAL =260 ##$$a Jakarta :$b Badan Koordinasi Keluarga Berencana Nasional,$c 1990 =300 ##$$a 19 hlm. =650 #4$$a Vasectomi =110 2#$$a BADAN KOORDINASI KELUARGA BERENCANA NASIONAL =856 ##$$a Perpustakaan Kemendukbangga